Az eső évi periódusa magyarországon ... = Die jährliche Periode der Niederschläge in Ungarn ... /

Saved in:
Bibliographic Details
Main Author: Hegyfoky, Kabos, 1847-
Format: Book
Language:Hungarian
German
Published: Budapest : Pesti könyonyomda részvény-társaság, 1909.
Series:Hivatalos kiadványai (Hungary. Meteorológiai és földmágnességi intézet) ; 8. kötet (1909)
Subjects:
LEADER 01341cam a2200313 a 4500
001 c000401871
003 CARM
005 20190225115205.0
008 190225s1909 hu a 000 0 hun d
019 1 |a 25954752  |5 LACONCORD2021 
035 |a (OCoLC)224126770  |5 LACONCORD2021 
040 |a VCAV  |b eng  |c VCAV 
041 0 |a hun  |a ger 
043 |a e-hu--- 
082 0 4 |a 551.5709439  |2 22 
100 1 |a Hegyfoky, Kabos,  |d 1847- 
245 1 3 |a Az eső évi periódusa magyarországon ... =  |b Die jährliche Periode der Niederschläge in Ungarn ... /  |c Hegyfoky Kabos. 
246 3 1 |a Die jährliche Periode der Niederschläge in Ungarn 
260 |a Budapest :  |b Pesti könyonyomda részvény-társaság,  |c 1909. 
300 |a 129 p. :  |b tables ;  |c 31 cm. 
490 0 |a Hivatalos kiadványai (Hungary. Meteorológiai és földmágnességi intézet) ;  |v 8. kötet (1909) 
500 |a Hungarian and German. 
650 0 |a Rain and rainfall  |z Hungary. 
852 8 |b CARM  |i E02598  |p 0489742  |f BK 
852 8 |b SCAN  |h A3:AO19D0  |i E02598  |p 0489742  |f BK 
852 8 |b SCAN  |h A3:AO19D0  |i E02598  |p 0489742  |f BK 
999 f f |i a8ae6a83-d0b8-57be-a129-73649625537b  |s 4f1e7bf6-d147-5bfc-9f04-d336ad97dd55 
952 f f |p Can circulate  |a CAVAL  |b CAVAL  |c CAVAL  |d CARM 1 Store  |e E02598  |h Other scheme  |i book  |m 0489742 
952 f f |a CAVAL  |b CAVAL  |c CAVAL  |d Unmapped Location  |e E02598  |f A3:AO19D0  |h Other scheme